[Event "Pinneberg-ch"]
[White "Schmidt, Roland"]
[Black "Chaichi Tehrani, Fereydoon"]
[Site "Pinneberg"]
[Round "3"]
[Result "1-0"]
[Date "2013.08.22"]
[WhiteElo "1729"]
[BlackElo "1369"]
[PlyCount "55"]
[EventDate "2013.08.08"]
[EventType "swiss"]
[EventRounds "7"]
[EventCountry "GER"]
[SourceTitle "EXT 2017"]
[Source "ChessBase"]
[SourceDate "2016.10.25"]
[SourceVersion "1"]
[SourceVersionDate "2016.10.25"]
[SourceQuality "1"]

1. e4 e5 2. Nf3 Nc6 3. d4 exd4 4. Nxd4 Nxd4 5. Qxd4 c6 6. Nc3 d6 7. Qe3 Nf6 8. Be2 Be7 9. Qg3 g6 10. Be3 Qa5 11. Bd2 Qb6 12. 0-0-0 Be6 13. Kb1 0-0-0 14. Bf4 Ne8 15. Be3 c5 16. f4 h5 17. f5 gxf5 18. exf5 Bxf5 19. Nd5 Bxc2+ 20. Kxc2 Qa5 21. Nxe7+ Kb8 22. Kb1 Nf6 23. Rxd6 Rxd6 24. Qxd6+ Qc7 25. Qxf6 Re8 26. Bf4 Rxe7 27. Qxe7 Qxf4 28. Qd8# 1-0

[Event "Pinneberg-ch"]
[White "Hochreiner, Juergen"]
[Black "Chaichi Tehrani, Fereydoon"]
[Site "Pinneberg"]
[Round "1"]
[Result "1-0"]
[Date "2013.08.08"]
[WhiteElo "1860"]
[BlackElo "1369"]
[PlyCount "109"]
[EventDate "2013.08.08"]
[EventType "swiss"]
[EventRounds "7"]
[EventCountry "GER"]
[SourceTitle "EXT 2017"]
[Source "ChessBase"]
[SourceDate "2016.10.25"]
[SourceVersion "1"]
[SourceVersionDate "2016.10.25"]
[SourceQuality "1"]

1. d4 d5 2. c4 Bf5 3. Nc3 Nf6 4. Bg5 Ne4 5. Nxe4 Bxe4 6. e3 dxc4 7. f3 Qd5 8. Bf4 Bd3 9. Bxd3 cxd3 10. Qxd3 Qa5+ 11. Kf2 e6 12. Ne2 Bd6 13. a3 Bxf4 14. Nxf4 0-0 15. h4 Nc6 16. Rac1 e5 17. Rc5 Qa4 18. dxe5 Rad8 19. Qc3 Rfe8 20. Nd3 Qa6 21. Nf4 Rd7 22. b4 Ne7 23. h5 b6 24. Rxc7 Rxc7 25. Qxc7 Qxa3 26. Qd7 Kf8 27. Qd6 Kg8 28. g4 a5 29. bxa5 Qb2+ 30. Kg3 bxa5 31. Rh2 Qb1 32. Rd2 Qe1+ 33. Kg2 Qxe3 34. Ne2 Nc8 35. Qd4 Qxd4 36. Rxd4 g6 37. h6 Kf8 38. Rd5 a4 39. Nc3 a3 40. Ra5 Nb6 41. Rxa3 Nc4 42. Ra7 Nxe5 43. Nd5 Nc6 44. Rc7 Nd4 45. Nf6 Ra8 46. Nxh7+ Kg8 47. Nf6+ Kf8 48. Nd7+ Kg8 49. Ne5 Rf8 50. Kg3 Ne6 51. Re7 Ng5 52. Kh4 Nh7 53. g5 f6 54. Rg7+ Kh8 55. Nxg6# 1-0

[Event "Pinneberg-ch"]
[White "Chaichi Tehrani, Fereydoon"]
[Black "Dangelowski, Peter"]
[Site "Pinneberg"]
[Round "3"]
[Result "1/2-1/2"]
[Date "2012.08.30"]
[WhiteElo "1252"]
[BlackElo "1776"]
[PlyCount "93"]
[EventDate "2012.08.16"]
[EventType "swiss"]
[EventRounds "7"]
[EventCountry "GER"]
[SourceTitle "EXT 2013"]
[Source "ChessBase"]
[SourceDate "2012.11.22"]
[SourceVersion "1"]
[SourceVersionDate "2012.11.22"]
[SourceQuality "1"]

1. e4 c5 2. c3 e6 3. Nf3 Nc6 4. d4 d5 5. e5 Qb6 6. Be2 cxd4 7. cxd4 Bb4+ 8. Nc3 Nge7 9. a3 Bxc3+ 10. bxc3 Bd7 11. 0-0 0-0 12. Bg5 h6 13. Bxe7 Nxe7 14. Qc2 Rac8 15. a4 a6 16. Qd3 Qc7 17. Rfc1 Qa5 18. Bd1 Rc7 19. c4 dxc4 20. Rxc4 Rxc4 21. Qxc4 Rc8 22. Qe2 Bc6 23. Nd2 Qd5 24. Nf3 Nf5 25. Qd3 Rd8 26. Bb3 Qd7 27. Rd1 Bxa4 28. Bxa4 Qxa4 29. g4 Ne7 30. g5 hxg5 31. Nxg5 Nf5 32. Rc1 Qxd4 33. Qxd4 Nxd4 34. Rc7 f6 35. exf6 gxf6 36. Ne4 Rf8 37. Rxb7 a5 38. Ra7 f5 39. Nc5 Rc8 40. Rxa5 Kf7 41. Ra7+ Kg6 42. Nd3 Kf6 43. Rh7 Nf3+ 44. Kg2 Ng5 45. Rh6+ Kg7 46. Rh4 Rd8 47. Ne5 1/2-1/2

[Event "Hamburg-chA"]
[White "Krueger, Dietrich"]
[Black "Chaichi Tehrani, Fereydoon"]
[Site "Hamburg"]
[Round "7"]
[Result "0-1"]
[Date "2012.06.01"]
[WhiteElo "1064"]
[BlackElo "1329"]
[PlyCount "96"]
[EventDate "2012.05.26"]
[EventType "swiss"]
[EventRounds "9"]
[EventCountry "GER"]
[SourceTitle "CBM 148 Extra"]
[Source "ChessBase"]
[SourceDate "2012.06.22"]
[SourceVersion "1"]
[SourceVersionDate "2012.06.22"]
[SourceQuality "1"]

1. d4 d5 2. Bg5 Nf6 3. Nd2 Ne4 4. Bh4 Nc6 5. e3 Bf5 6. Bd3 Qd6 7. Bg3 Nxg3 8. hxg3 Bxd3 9. cxd3 e5 10. Ngf3 exd4 11. exd4 0-0-0 12. Qe2 g6 13. 0-0-0 Bg7 14. Nb3 Qb4 15. Qc2 Bxd4 16. a3 Qb6 17. Nfxd4 Nxd4 18. Nxd4 Qxd4 19. Rhe1 Rd6 20. Re7 Rc6 21. Qxc6 bxc6 22. Rxf7 Re8 23. Rd2 h5 24. Rf4 Re1+ 25. Kc2 Qc5+ 26. Kb3 g5 27. Rc2 Qxc2+ 28. Kxc2 gxf4 29. Kd2 Re7 30. gxf4 Kd7 31. g3 Kd6 32. b4 c5 33. b5 d4 34. a4 Kd5 35. f5 Ke5 36. Ke2 Kxf5+ 37. Kf3 Re1 38. Kg2 Ra1 39. Kh3 Rxa4 40. f3 Ra3 41. Kh4 Rxd3 42. Kxh5 Rxf3 43. g4+ Kf4 44. g5 Rg3 45. g6 d3 46. Kh6 d2 47. g7 d1Q 48. Kh7 Qd7 0-1

[Event "Hamburg-chA"]
[White "Kock, Rudolf"]
[Black "Chaichi Tehrani, Fereydoon"]
[Site "Hamburg"]
[Round "1.3"]
[Result "0-1"]
[Date "2011.09.30"]
[WhiteElo "1736"]
[BlackElo "1286"]
[PlyCount "130"]
[EventDate "2011.10.09"]
[EventType "swiss"]
[EventRounds "9"]
[EventCountry "GER"]
[SourceTitle "EXT 2012"]
[Source "ChessBase"]
[SourceDate "2011.11.24"]
[SourceVersion "1"]
[SourceVersionDate "2011.11.24"]
[SourceQuality "1"]

1. f4 d5 2. Nf3 Nc6 3. e3 Bg4 4. Bb5 Nf6 5. 0-0 e6 6. b3 d4 7. Qe1 Bc5 8. Ne5 dxe3 9. Kh1 e2 10. Bxe2 Bxe2 11. Nxc6 bxc6 12. Qxe2 0-0 13. Bb2 Bd4 14. c3 Bb6 15. Na3 Qd7 16. Nc4 Rfd8 17. d4 a5 18. Rad1 a4 19. b4 Nd5 20. Ne5 Qd6 21. a3 f6 22. Nc4 Qe7 23. Nxb6 cxb6 24. c4 Nc7 25. Qf3 c5 26. b5 cxd4 27. Bxd4 Rab8 28. Bb2 Qc5 29. Qc6 Qxc6 30. bxc6 b5 31. Bc3 Rxd1 32. Rxd1 bxc4 33. h3 Nd5 34. Ba5 c3 35. Rc1 Rc8 36. c7 Kf7 37. g4 Ke7 38. Kg2 Kd7 39. Kf3 Nxc7 40. Rxc3 Nd5 41. Rxc8 Kxc8 42. Ke4 Kd7 43. f5 Kd6 44. Be1 exf5+ 45. gxf5 Ne7 46. Bb4+ Kd7 47. h4 Nc6 48. Bc5 g5 49. h5 Ne5 50. Kd5 g4 51. Bf2 Nd3 52. Bg3 Ne5 53. Kc5 Nf7 54. Kb4 Nh6 55. Kxa4 Kc6 56. Kb4 Nxf5 57. Bf2 Nd6 58. a4 f5 59. a5 Kb7 60. Bg3 Ne4 61. Bf4 g3 62. Kb5 g2 63. a6+ Ka8 64. Bh2 f4 65. Kc4 f3 0-1

[Event "Pinneberg-ch"]
[White "Chaichi Tehrani, Fereydoon"]
[Black "Schiller, Thomas1"]
[Site "Pinneberg"]
[Round "1"]
[Result "0-1"]
[Date "2011.08.18"]
[WhiteElo "1285"]
[BlackElo "1768"]
[PlyCount "73"]
[EventDate "2011.08.18"]
[EventType "swiss"]
[EventRounds "7"]
[EventCountry "GER"]
[SourceTitle "CBM 144 Extra"]
[Source "ChessBase"]
[SourceDate "2011.10.28"]
[SourceVersion "1"]
[SourceVersionDate "2011.10.28"]
[SourceQuality "1"]

1. e4 e5 2. Nf3 Nc6 3. b3 Nf6 4. Nc3 Be7 5. Bb2 0-0 6. d4 exd4 7. Nxd4 Bc5 8. Nxc6 bxc6 9. Be2 Re8 10. Qd3 a5 11. 0-0 d6 12. Qg3 Bd4 13. e5 Bxe5 14. Qd3 Ba6 15. Qd1 Bxe2 16. Nxe2 Bxb2 17. Rb1 Ba3 18. Nd4 Qd7 19. c4 Re4 20. Nf3 Rae8 21. Ng5 Re2 22. Qd3 Bc5 23. a3 Bxa3 24. Nf3 Bb4 25. Nd4 Rd2 26. Qf3 Rxd4 27. g3 Rd2 28. Rfd1 Rxd1+ 29. Rxd1 h6 30. Rc1 Ng4 31. Qd3 Bc5 32. Rc2 Ne5 33. Qe4 Qg4 34. Qxg4 Nxg4 35. Kg2 Nxf2 36. Rxf2 Bxf2 37. Kxf2 0-1

[Event "Pinneberg-ch"]
[White "Hasenbank, Dirk"]
[Black "Chaichi Tehrani, Fereydoon"]
[Site "Pinneberg"]
[Round "4"]
[Result "1-0"]
[Date "2009.09.18"]
[WhiteElo "2067"]
[BlackElo "1118"]
[PlyCount "67"]
[EventDate "2009.08.27"]
[EventType "swiss"]
[EventRounds "7"]
[EventCountry "GER"]
[SourceTitle "EXT 2012"]
[Source "ChessBase"]
[SourceDate "2011.11.24"]
[SourceVersion "1"]
[SourceVersionDate "2011.11.24"]
[SourceQuality "1"]

1. c4 f5 2. d4 Nf6 3. Nc3 e6 4. g3 Be7 5. Bg2 0-0 6. Nh3 c6 7. d5 e5 8. d6 e4 9. 0-0 Ng4 10. dxe7 Qxe7 11. Bf4 Na6 12. Bd6 Qe6 13. Bxf8 Kxf8 14. Qd4 h6 15. f3 c5 16. Qd5 Ne3 17. Qxe6 dxe6 18. Rf2 Nxg2 19. Kxg2 exf3+ 20. exf3 Bd7 21. Rd1 Ke7 22. Re2 Nc7 23. Nf4 g5 24. Ng6+ Ke8 25. Nd5 Nxd5 26. Rxd5 g4 27. Rxf5 gxf3+ 28. Kxf3 Bc6+ 29. Kf2 Kd7 30. Rf7+ Kd8 31. Rd2+ Kc8 32. Nf4 b6 33. Nxe6 a5 34. Rd8# 1-0